Athenes et ses monuments : du XVIIe siecle a nos jours : villes et paysages de Grece

Αποθηκεύτηκε σε:
Λεπτομέρειες βιβλιογραφικής εγγραφής
Κύριος συγγραφέας: Matton, Raymond
Μορφή: Βιβλίο
Γλώσσα:French
Δημοσίευση: Athenes : Institut Francais d'Athenes, 1963.
Σειρά:Εκδόσεις του Γαλλικού Ινστιτούτου Αθηνών
Θέματα:
Ετικέτες: Προσθήκη ετικέτας
Δεν υπάρχουν, Καταχωρήστε ετικέτα πρώτοι!

MARC

LEADER 00000cam a2200000 i 4500
001 1/198
008 950630s1963 gr | ||| |||| ||fre||
035 |l 10013995 
040 |a GR-MyUa  |b gre  |e AACR2 
041 0 |a fre 
082 7 |a 938.912   |2 (22) 
100 1 |a Matton, Raymond. 
245 1 0 |a Athenes et ses monuments :   |b du XVIIe siecle a nos jours : villes et paysages de Grece /   |c Raymond Matton. 
260 |a Athenes :   |b Institut Francais d'Athenes,   |c 1963. 
300 |a 342 σ. ;   |c 23 εκ. 
490 1 |a (Εκδόσεις του Γαλλικού Ινστιτούτου Αθηνών) 
500 |a Avec 267 photographies hors text et 21 cartes et plans. 
650 0 |a Monuments  |z Greece  |z Athens. 
651 0 |a Athens (Greece)  |x History. 
830 0 |a Εκδόσεις του Γαλλικού Ινστιτούτου Αθηνών 
852 |a INST  |b LESVOS  |e 19950630  |h 938.912 ΜΑΤ  |p 005100008332  |q 005100008332  |t BK  |y 0 
922 |a 1ΕΛΗ  |b 199306  |c ΠΠ/3175